000
00278nam a22001217a 4500
082
_a
920
_b
PRA/R
100
_a
PRASAD,SHIVA
245
_a
DR.S RADHAKRISHNAN
260
_a
BANGALORE
_b
VASAN BOOK DEPOT
300
_a
48
650
_a
ABOUT DR.S RADHAKRISHNAN
_z
BANGALORE
942
_c
BK
999
_c
5806
_d
5806